Bargaining Power Effects in Financial Contracting A Joint Analysis of Contract Type and Placement Mode Choices /

This work was accepted as a dissertation by the University of Muenster, Germany, in 2004. It was written while I was a teaching and research assistant at the Department of Banking. I own many debts - personal and intellectual - to Professor Dr. Andreas Pfingsten, my doctoral adviser, for his overall...

Πλήρης περιγραφή

Λεπτομέρειες βιβλιογραφικής εγγραφής
Κύριος συγγραφέας: Rudolph, Kai (Συγγραφέας)
Συγγραφή απο Οργανισμό/Αρχή: SpringerLink (Online service)
Μορφή: Ηλεκτρονική πηγή Ηλ. βιβλίο
Γλώσσα:English
Έκδοση: Berlin, Heidelberg : Springer Berlin Heidelberg, 2006.
Σειρά:Lecture Notes in Economics and Mathematical Systems, 577
Θέματα:
Διαθέσιμο Online:Full Text via HEAL-Link
LEADER 03570nam a22005295i 4500
001 978-3-540-34496-4
003 DE-He213
005 20151204161843.0
007 cr nn 008mamaa
008 100301s2006 gw | s |||| 0|eng d
020 |a 9783540344964  |9 978-3-540-34496-4 
024 7 |a 10.1007/3-540-34496-9  |2 doi 
040 |d GrThAP 
050 4 |a HB71-74 
072 7 |a KC  |2 bicssc 
072 7 |a BUS000000  |2 bisacsh 
082 0 4 |a 330  |2 23 
100 1 |a Rudolph, Kai.  |e author. 
245 1 0 |a Bargaining Power Effects in Financial Contracting  |h [electronic resource] :  |b A Joint Analysis of Contract Type and Placement Mode Choices /  |c by Kai Rudolph. 
264 1 |a Berlin, Heidelberg :  |b Springer Berlin Heidelberg,  |c 2006. 
300 |a XVIII, 342 p. 25 illus.  |b online resource. 
336 |a text  |b txt  |2 rdacontent 
337 |a computer  |b c  |2 rdamedia 
338 |a online resource  |b cr  |2 rdacarrier 
347 |a text file  |b PDF  |2 rda 
490 1 |a Lecture Notes in Economics and Mathematical Systems,  |x 0075-8442 ;  |v 577 
505 0 |a A Review of Related Research -- A Model to Analyze Bargaining Power Effects -- Extending the model by an Ex-ante Informational Asymmetry About Contractual Partners’ Opportunities -- Discussion of the Adopted Approach -- Conclusion. 
520 |a This work was accepted as a dissertation by the University of Muenster, Germany, in 2004. It was written while I was a teaching and research assistant at the Department of Banking. I own many debts - personal and intellectual - to Professor Dr. Andreas Pfingsten, my doctoral adviser, for his overall support while I was writing my dissertation. This thesis benefited much from his constructive criticism. I am also grateful that Professor Dr. Klaus Roder, Department of Finance, University of Regensburg, Germany, acted as my second advisor. Furthermore, I want to thank Dr. Alistair Milne, Sir John Cass Business School, City University, Great Britain, since he assisted me during a crucial phase of my dissertation project while I was staying as a visiting scholar at the Marie Curie Training Site in Corporate Finance, Capital Markets and Banking at Cass. This five month visit in London was financially supported by the European Commission (Fellowship Ref. No. HPMT-GH-01-00330-04). I am also indebted to my previous colleagues, mainly Dr. Hendrik Hakenes and Dr. Markus Ricke, for their encouragement and helpful discussions throughout my whole dissertation project. The dissertation also benefited from comments on a first working paper about the dissertation's topic by participants of research seminars at the Universities of Constance, Tuebingen and Osnabrueck, Germany, and at the 2003 Annual Meeting of the European Economic Association, Stockholm, Sweden. 
650 0 |a Finance. 
650 0 |a Mathematics. 
650 0 |a Game theory. 
650 0 |a Economics. 
650 0 |a Management science. 
650 0 |a Economic theory. 
650 1 4 |a Economics. 
650 2 4 |a Economics, general. 
650 2 4 |a Mathematics, general. 
650 2 4 |a Finance, general. 
650 2 4 |a Economic Theory/Quantitative Economics/Mathematical Methods. 
650 2 4 |a Game Theory, Economics, Social and Behav. Sciences. 
710 2 |a SpringerLink (Online service) 
773 0 |t Springer eBooks 
776 0 8 |i Printed edition:  |z 9783540344957 
830 0 |a Lecture Notes in Economics and Mathematical Systems,  |x 0075-8442 ;  |v 577 
856 4 0 |u http://dx.doi.org/10.1007/3-540-34496-9  |z Full Text via HEAL-Link 
912 |a ZDB-2-SBE 
950 |a Business and Economics (Springer-11643)